Statistics for 10 Westernmost Countries in Asia

Click here to take the quiz!

General Stats

  • This quiz has been taken 115 times
  • The average score is 9 of 10

Answer Stats

LongitudeCountry% Correct
26°03'ETurkey
97%
34°15'EIsrael
94%
34°33'ESaudi Arabia
93%
35°30'ESyria
93%
38°50'EIraq
92%
34°55'EJordan
92%
35°06'ELebanon
89%
41°30'EGeorgia
84%
41°09'EYemen
84%
32°40'ECyprus
83%

Score Distribution

Percentile by Number Answered

Percent of People with Each Score

Your Score History

You have not taken this quiz